[Event "Catania op"]
[Site "Catania"]
[Date "1995.??.??"]
[Round "1"]
[White "Pajkovic, Vladimir"]
[Black "Bellincampi, Stefano"]
[Result "1-0"]
[WhiteElo "2430"]
[BlackElo "2060"]

1.Nf3 d5 2.c4 e6 3.g3 Nf6 4.Bg2 Be7 5.O-O O-O 6.d4 dxc4 7.Qc2 a6 8.a4 c5
9.Qxc4 Qd5 10.Nbd2 Nc6 11.Qxd5 Nxd5 12.dxc5 Bxc5 13.Nc4 a5 14.b3 Rd8 15.Rd1 Bd7
16.Bb2 Be8 17.Rac1 b6 18.Nd4 Ncb4 19.Nb5 Rac8 20.Ncd6 Bxb5 21.Nxb5 Ne3 22.Rxd8+ Rxd8
23.Bd4 Bxd4 24.Nxd4 Nxg2 25.Kxg2 g6 26.Nc6 Na2 27.Rc2 Rd6 28.Nxa5 bxa5 29.Rxa2 Rb6
30.Rc2 Rxb3 31.Rc5 Ra3 32.Rxa5 Kf8 33.g4 h6 34.h4 Ke7 35.g5 hxg5 36.hxg5 Ra2
37.Kf3 Ra3+ 38.e3 Ra2 39.Ra7+ Ke8 40.a5 Ra4 41.a6 Ra2 42.Ke4 Ra5 43.Kd4 Kd8
44.f4 Rf5 45.e4 Ra5 46.Rxf7 Rxa6 47.Ke5 Ra5+ 48.Kxe6 Ra6+ 49.Ke5 Ra5+ 50.Kf6 Ra4
51.Kxg6 Rxe4 52.f5  1-0

[Event "Catania op"]
[Site "Catania"]
[Date "1995.??.??"]
[Round "4"]
[White "Szekely, Peter"]
[Black "Kogan, Artur"]
[Result "1/2-1/2"]
[WhiteElo "2435"]
[BlackElo "2495"]

1.Nf3 d5 2.c4 e6 3.b3 c6 4.g3 Nd7 5.Bb2 Qb6 6.Qc2 Ngf6 7.Bg2 Be7 8.O-O O-O
9.d3 a5 10.a3 Rb8 11.Nbd2  1/2-1/2

[Event "Catania op"]
[Site "Catania"]
[Date "1995.??.??"]
[Round "7"]
[White "Szekely, Peter"]
[Black "Mifsud, Timothy"]
[Result "1-0"]
[WhiteElo "2435"]
[BlackElo "2165"]

1.Nf3 d5 2.c4 c6 3.cxd5 cxd5 4.d4 Nf6 5.Nc3 Nc6 6.Bf4 Ne4 7.e3 Nxc3 8.bxc3 g6
9.Ne5 Qa5 10.Qb3 Bg7 11.Bb5 Bxe5 12.Bxe5 O-O 13.Bg3 Bf5 14.O-O Qd8 15.Bxc6 bxc6
16.c4 c5 17.cxd5 cxd4 18.Rad1 dxe3 19.Qxe3 Re8 20.Rfe1 Qd7 21.h3 e6 22.Qd4 exd5
23.Be5 f6 24.Bxf6 Rxe1+ 25.Rxe1 Re8 26.Rxe8+ Qxe8 27.Qxa7 Qd7 28.Qa8+ Kf7
29.Qh8 Qe6 30.Bd4 h5 31.a4 Qc6 32.a5 Be4 33.Qe5 Qc4 34.Qf6+ Ke8 35.a6 Kd7
36.a7 Qc8 37.Be5 d4 38.Qf7+ Kc6 39.Qc4+ Kb7 40.Qb4+ Ka6 41.Bxd4 Qc6 42.a8=Q+  1-0

[Event "Clichy"]
[Site "Clichy"]
[Date "1995.??.??"]
[Round "?"]
[White "Nikcevic, Nebojsa"]
[Black "Relange, Eloi"]
[Result "1-0"]
[WhiteElo "2470"]
[BlackElo "2455"]

1.Nf3 d5 2.c4 c6 3.d4 e6 4.g3 Nf6 5.Bg2 Nbd7 6.O-O b6 7.Qc2 Bb7 8.Nc3 Rc8
9.Rd1 a6 10.b3 c5 11.Ba3 Be7 12.cxd5 Nxd5 13.Nxd5 Bxd5 14.e4 Bb7 15.d5 exd5
16.exd5 O-O 17.d6 Bf6 18.Ng5 Bxg5 19.Bxb7 Rb8 20.Bg2 Bf6 21.Bb2 Re8 22.Rd2 Bxb2
23.Qxb2 Qf6 24.Qxf6 Nxf6 25.d7 Red8 26.Bc6 h5 27.Re1 Nh7 28.Re7 Ng5 29.Re5 Ne6
30.Rxh5 Nd4 31.Rxd4 cxd4 32.Re5 Rf8 33.Kf1 f5 34.Ke2 Rf6 35.Re8+ Rf8 36.Kd3 Rd8
37.Bd5+ Kh7 38.Rxf8 Rxf8 39.Kxd4 Rd8 40.Be6 g6 41.Ke5 Kg7 42.a4 a5 43.f4  1-0

[Event "Clichy"]
[Site "Clichy"]
[Date "1995.??.??"]
[Round "?"]
[White "Nikcevic, Nebojsa"]
[Black "Marciano, David"]
[Result "1/2-1/2"]
[WhiteElo "2470"]
[BlackElo "2455"]

1.Nf3 d5 2.c4 e6 3.g3 dxc4 4.Bg2 a6 5.a4 Nf6 6.O-O Nc6 7.Na3 Na5 8.Qc2 Bd6
9.Nxc4 Nxc4 10.Qxc4 e5 11.d3 O-O 12.a5 c6 13.Qa4 Qe7  1/2-1/2

[Event "Clichy"]
[Site "Clichy"]
[Date "1995.??.??"]
[Round "?"]
[White "Prie, Eric"]
[Black "Marciano, David"]
[Result "1/2-1/2"]
[WhiteElo "2480"]
[BlackElo "2455"]

1.Nf3 d5 2.c4 e6 3.d4 Nf6 4.Nc3 Bb4 5.cxd5 exd5 6.Bg5 Nbd7 7.Rc1 c6 8.e3 Qa5
9.Qb3 Ne4 10.Bf4 O-O 11.Be2 Bd6  1/2-1/2

[Event "Sommerskak"]
[Site "Copenhagen"]
[Date "1995.??.??"]
[Round "1"]
[White "Libeau, Rene"]
[Black "Hellsten, Johan"]
[Result "0-1"]
[WhiteElo "2460"]
[BlackElo "2430"]

1.Nf3 d5 2.c4 c6 3.e3 Nf6 4.Nc3 g6 5.d4 Bg7 6.Be2 O-O 7.h3 a6 8.O-O dxc4
9.Bxc4 b5 10.Bb3 Nbd7 11.e4 b4 12.e5 bxc3 13.exf6 Nxf6 14.bxc3 c5 15.Re1 Bb7
16.Ba3 Ne4 17.Qd3 Qa5 18.Rxe4 Qxa3 19.Rf4 Rad8 20.Rb1 Bd5 21.Bxd5 Rxd5 22.Qc4 e6
23.g3 cxd4 24.Nxd4 Rc5 25.Qb3 Rxc3 26.Qxa3 Rxa3 27.Nc6 g5 28.Rg4 Bf6 29.h4 h5
30.Rc4 gxh4 31.gxh4 Rxa2 32.Rb3 Kh7 33.Rf4 Rg8+ 34.Kf1 Rg6 35.Rb7 Kg7 36.Ra7 Rg4
37.Rf3 Rxh4 38.Nb8 Rg4 39.Rxa6 Rxa6 40.Nxa6 Bd4 41.Nc7 e5 42.Ne8+ Kg6 43.Rf6+ Kg5
44.Rxf7 Rf4 45.Rg7+ Kh6 46.Rg2 h4 47.Nd6 Kh5 48.Ke2 h3 49.Rh2 Kh4 50.Nc4 Bxf2
51.Nxe5 Re4+ 52.Kxf2 Rxe5 53.Rh1 Rf5+ 54.Ke2 Rf8 55.Rf1 Re8+ 56.Kf2 Rf8+
57.Ke2 Re8+ 58.Kf2 Rg8 59.Ra1 Rg2+ 60.Kf3 Rg3+ 61.Kf2 h2 62.Rb1 Kh3 63.Rb8 Rf3+  0-1

[Event "Sommerskak"]
[Site "Copenhagen"]
[Date "1995.??.??"]
[Round "6"]
[White "Hansen, Mads Smith"]
[Black "Sjodahl, Pontus"]
[Result "1/2-1/2"]
[WhiteElo "2365"]
[BlackElo "2415"]

1.Nf3 d5 2.c4 e6 3.b3 Nf6 4.Bb2 Be7 5.g3 O-O 6.Bg2 b6 7.O-O Bb7 8.e3 Nbd7
9.Nc3 Ne4 10.Qe2 Bf6 11.d4 Nxc3 12.Bxc3 dxc4 13.bxc4 c5 14.Rac1 Rc8 15.Rfd1 cxd4
16.exd4 Qc7 17.Bb2 Ba6 18.Nd2 Rfd8 19.h4 Nf8 20.Ne4 Be7 21.d5 exd5 22.Qg4 d4
23.Rxd4 Rxd4 24.Bxd4 Ne6 25.Bb2 Bb7 26.Kh2 Rf8 27.Nc3 Bxg2 28.Kxg2 Qe5 29.Ba1 Qd4
30.Qf3 Qxc4 31.Bb2 Rd8 32.Qb7 Qc7 33.Qxc7 Nxc7 34.Ne4 Ne6 35.Rc6 Kf8 36.f4 Nc5
37.Nxc5 Bxc5 38.Bc3 f6 39.f5 Rd6 40.Be1 Rd1 41.Bc3 Rd3 42.Be1 Ke7 43.g4 Kd7
44.Re6 Bd6 45.Re4 Be5 46.Bb4 g6 47.fxg6 hxg6 48.Be1 Ke6 49.Ra4 Rd4 50.Rxd4 Bxd4
51.Kf3 f5 52.h5 fxg4+ 53.Ke4 Bc5 54.hxg6 Bd6 55.Bc3 Bc7 56.a4 a6 57.Ke3 Bg3
58.Bd4 Bd6 59.Ke4 Be7 60.Bc3 Bd6 61.Bb2 b5 62.axb5 axb5 63.Bc3 Bc7 64.Ke3  1/2-1/2

[Event "Copenhagen BSF-B"]
[Site "Copenhagen"]
[Date "1995.??.??"]
[Round "7"]
[White "Adamski, Jan"]
[Black "Olsen, Heini"]
[Result "1/2-1/2"]
[WhiteElo "2390"]
[BlackElo "2355"]

1.Nf3 d5 2.c4 d4 3.g3 c5 4.Bg2 Nc6 5.O-O Nf6 6.e3 e5 7.d3 Be7 8.exd4 exd4
9.Bf4 O-O 10.Ne5 Nxe5 11.Bxe5 Ng4 12.Bf4 Bd6 13.Bxd6 Qxd6 14.Nd2  1/2-1/2

[Event "Copenhagen3"]
[Site "Copenhagen"]
[Date "1995.??.??"]
[Round "8"]
[White "Petersen, Nils"]
[Black "Olesen, Martin"]
[Result "1/2-1/2"]
[WhiteElo "2155"]
[BlackElo "2355"]

1.Nf3 d5 2.c4 e6 3.e3 Nf6 4.b3 Bd6 5.Bb2 O-O 6.Be2 c5 7.O-O b6 8.d4 Bb7 9.Nbd2 Nbd7
10.Rc1 Qe7 11.Re1 Rfd8 12.Nf1 Ne4 13.cxd5 exd5 14.Ng3 Nxg3 15.hxg3 Nf6 16.dxc5 bxc5
17.Bxf6 Qxf6 18.Bd3 Rac8 19.Qe2 Bf8 20.Rc2 Re8 21.Nd2 Qh6 22.Qg4 Rcd8 23.Qh3 Qxh3
24.gxh3 Re6 25.h4 Rb6 26.Be2 a5 27.Bf3 a4 28.Kg2 axb3 29.axb3 Ba6 30.Be2 Bxe2
31.Rxe2 d4 32.exd4 cxd4 33.Rb2 d3 34.Re4 Bb4 35.Kf3 f5 36.Rc4 Re8 37.Ra2 Re2
38.Ra8+ Kf7 39.Nf1 Re1 40.Ne3 d2 41.Rd4 Bc3 42.Rd3 Rxb3 43.Rad8 Ra3 44.Nc4 Raa1
45.Nxd2 Bxd2 46.Rxd2 Re7  1/2-1/2

[Event "Cordoba op"]
[Site "Cordoba"]
[Date "1995.??.??"]
[Round "?"]
[White "Hernandez, Gilberto"]
[Black "Gamundi, Antonio"]
[Result "1/2-1/2"]
[WhiteElo "2525"]
[BlackElo "2400"]

1.Nf3 d5 2.c4 d4 3.g3 c5 4.b4 cxb4 5.a3 bxa3 6.Bxa3 Nc6 7.Bg2 Nf6 8.d3 e5
9.Bxf8 Kxf8 10.Nbd2 g6 11.O-O Kg7 12.Qa4 Re8 13.Ng5 Qe7 14.Rfb1 Ng4 15.Ngf3 Rb8
16.Nb3 Bd7 17.Nfd2 Rec8 18.Qa3 Qxa3 19.Rxa3 b6 20.Bxc6 Bxc6 21.Rxa7 Nf6 22.f4 exf4
23.Nxd4 fxg3 24.hxg3 Ba8 25.Ne6+ Kg8 26.Rf1 Rb7 27.Rxb7 Bxb7 28.Rxf6 Rc6
29.Rxf7 Kxf7 30.Nd8+ Ke7 31.Nxc6+ Bxc6 32.e4 b5 33.cxb5 Bxb5 34.d4 g5 35.Kf2 h5
36.Nf3 Kf6 37.Ke3 Bd7 38.d5 Bg4 39.Nh2 Bc8 40.Nf3 Bg4 41.Nh2 Bh3 42.g4 hxg4
43.Kf2 g3+ 44.Kxg3 Bc8 45.Ng4+ Ke7 46.Kf3 Kd6 47.Nh6 Bb7 48.Nf7+ Kc5 49.d6 Bc8
50.Ke3 Bd7 51.Kf3 Bc8 52.e5 Kd5 53.Nxg5  1/2-1/2

[Event "ESP-chT"]
[Site "Cordoba"]
[Date "1995.??.??"]
[Round "4"]
[White "Franco Ocampo, Zenon"]
[Black "De la Villa Garcia, Jesus Maria"]
[Result "1/2-1/2"]
[WhiteElo "2490"]
[BlackElo "2490"]

1.Nf3 d5 2.c4 dxc4 3.e3 Nf6 4.Bxc4 e6 5.d4 c5 6.O-O a6 7.a4 Nc6 8.Nc3 Qc7
9.Qe2 Bd6 10.Bd2 O-O 11.d5 Ne5 12.Nxe5 Bxe5 13.f4 Bxc3 14.Bxc3 exd5 15.Bxf6 dxc4
16.Bc3 Bf5 17.Qxc4  1/2-1/2

[Event "CZE-chT 9495"]
[Site "?"]
[Date "1995.??.??"]
[Round "4"]
[White "Znamenacek, Kvetoslav"]
[Black "Votruba, Pavel"]
[Result "1-0"]
[WhiteElo "2300"]
[BlackElo "2360"]

1.Nf3 d5 2.c4 e6 3.b3 Be7 4.Bb2 Bf6 5.Nc3 c5 6.g3 Nc6 7.Bg2 Nge7 8.O-O O-O
9.d3 b6 10.e3 Bb7 11.Qe2 Qd7 12.Rfd1 Rad8 13.a3 Qc8 14.Rac1 Qa8 15.Ne1 Rd7
16.Qc2 d4 17.Ne4 Be5 18.Ng5 h6 19.Ngf3 Bf6 20.e4 e5 21.Rb1 g6 22.Bc1 Bg7
23.b4 cxb4 24.axb4 Nd8 25.Qa4 Rc7 26.Ra1 a6 27.Ba3 Ne6 28.b5 a5 29.Bd6 Rd7
30.Bxe5 Nc5 31.Qc2 f5 32.Bxg7 Kxg7 33.Ne5 Rd6 34.exf5 Nxf5 35.Nc6 Qe8 36.Nf3 Bxc6
37.bxc6 Qxc6 38.Nh4 Qc7 39.Nxf5+ Rxf5 40.Qb2 Qd8 41.Rd2 Re5 42.Rad1 Qf6 43.Qc2 Rde6
44.Bd5 Re7 45.Kg2 h5 46.h4 a4 47.Be4 g5 48.hxg5 Rxg5 49.Rh1 Rf7 50.Qd1 Qh6
51.Rh4 Nd7 52.Ra2 Nc5 53.f4 Rgf5 54.Bxf5 Rxf5 55.Qf3 Qg6 56.Re2 a3 57.Ra2 Rf7
58.Rxa3 Re7 59.Rxh5 Nxd3 60.Rxd3  1-0

[Event "CZE-chT 9495"]
[Site "?"]
[Date "1995.??.??"]
[Round "8"]
[White "Znamenacek, Kvetoslav"]
[Black "Jaworski, Miroslaw"]
[Result "1/2-1/2"]
[WhiteElo "2300"]
[BlackElo "2360"]

1.Nf3 d5 2.c4 e6 3.b3 Nf6 4.Bb2 Be7 5.g3 O-O 6.Bg2 a5 7.Nc3 Nbd7 8.O-O c6
9.d3 Nc5 10.Qc2 a4 11.Nb1 axb3 12.axb3 Rxa1 13.Bxa1 Qb6 14.Nbd2 Bd7 15.Bd4 Qb4
16.Ra1 Na6 17.Bc3 Qd6 18.Be5 Qb4 19.Bc3 Qd6 20.Be5 Qb4 21.Bc3  1/2-1/2

[Event "CZE-chT 9495"]
[Site "?"]
[Date "1995.??.??"]
[Round "10"]
[White "Tatarko, Jan"]
[Black "Votruba, Pavel"]
[Result "1-0"]
[WhiteElo "2285"]
[BlackElo "2360"]

1.Nf3 d5 2.c4 e6 3.g3 Nf6 4.Bg2 dxc4 5.Qa4+ Nbd7 6.Qxc4 c5 7.O-O b6 8.d4 Bb7
9.dxc5 Bxc5 10.Nc3 O-O 11.Bf4 Rc8 12.Qb3 Qe7 13.Rad1 h6 14.h3 Nh5 15.Ne5 Ndf6
16.Qa4 Bxg2 17.Kxg2 Qb7+ 18.Kh2 Nxf4 19.Qxf4 Rfd8 20.Nc4 b5 21.Nd2 Bd4 22.Qh4 Bxc3
23.bxc3 Qb6 24.Kg1 Qc6 25.Nf3 Qxc3 26.Kg2 Qc4 27.g4 Rxd1 28.Rxd1 Qxe2 29.Rd2 Qe4
30.Rd4 Qc2 31.g5 hxg5 32.Nxg5 Qc5 33.Nf3 Qf5 34.Rf4 Qg6+ 35.Kh2 Rc1 36.Rd4 Rc8
37.Rf4 a6 38.Ne5 Qc2 39.Qg5 Rc5  1-0

[Event "CZE-chT1c 9495"]
[Site "?"]
[Date "1995.??.??"]
[Round "4"]
[White "Jurka, Miroslav"]
[Black "Pisk, Petr"]
[Result "1/2-1/2"]
[WhiteElo "2335"]
[BlackElo "2290"]

1.Nf3 d5 2.c4 c6 3.d4 Nf6 4.e3 Bf5 5.Bd3 Bxd3 6.Qxd3 e6 7.Nc3 Bb4 8.O-O O-O
9.Bd2 Qe7 10.a3 Bd6 11.e4 dxe4 12.Nxe4 Nxe4 13.Qxe4 Nd7 14.Bc3 Nf6 15.Qe2 a5
16.Rad1 Rfd8 17.Rfe1 Bc7 18.g3 h6 19.Kg2 Qe8 20.d5 exd5 21.Bxf6 Qxe2 22.Rxe2 gxf6
23.cxd5 cxd5 24.Red2 Ra6 25.Rxd5  1/2-1/2

[Event "CZE-chT1c 9495"]
[Site "?"]
[Date "1995.??.??"]
[Round "9"]
[White "Zabystrzan, Pavel"]
[Black "Skola, Miroslav"]
[Result "1/2-1/2"]
[WhiteElo "2285"]
[BlackElo "2240"]

1.Nf3 d5 2.c4 c6 3.cxd5 cxd5 4.d4 Nc6 5.Nc3 Nf6 6.e3 Bf5 7.Bd2 e6 8.Bb5 Nd7
9.O-O Bd6 10.Rc1 Rc8 11.Re1 O-O 12.e4 dxe4 13.Nxe4 Be7 14.Bxc6 Rxc6 15.Rxc6 bxc6
16.Ng3 Bg6 17.Bc3 Nb6 18.Ne5 Qd5 19.a4 Rb8 20.Ne2 Nd7 21.Nf4 Qd6 22.Qf3 Nxe5
23.dxe5 Qc7 24.Nxg6 hxg6 25.Re4 Rd8 26.h4 Rd5 27.Rf4 Bd8 28.g3 Qd7 29.Kg2 Bc7
30.Re4 Rd3 31.Qg4 Qd5 32.Kh2 Rd1 33.Qf3 Ra1 34.Kg2 Bb6 35.Rf4 Qb3 36.Rxf7 Qc4
37.Rf8+ Kh7 38.Kh3 Rg1 39.h5 Qf1+ 40.Kg4 gxh5+ 41.Kf4 Qc1+ 42.Ke4 Re1+ 43.Kd3 Qb1+
44.Kd2 Qc1+ 45.Kd3 Qb1+  1/2-1/2

[Event "Debrecen op"]
[Site "Debrecen"]
[Date "1995.??.??"]
[Round "4"]
[White "Felegyhazi, Laszlo"]
[Black "Laszlo, Janos"]
[Result "1/2-1/2"]
[WhiteElo "2360"]
[BlackElo "2255"]

1.Nf3 d5 2.c4 e6 3.d4 c5 4.g3 cxd4 5.cxd5 Qa5+ 6.Nbd2 Qxd5 7.Bg2 Bd7 8.O-O Bc6
9.Qb3 Bc5 10.Nc4 Ne7 11.Ne1 Qd8 12.Bxc6+ Nbxc6 13.Qxb7  1/2-1/2

[Event "Decin op"]
[Site "Decin"]
[Date "1995.??.??"]
[Round "1"]
[White "Jirovsky, Milos"]
[Black "Grechanovskaya, Elena"]
[Result "1-0"]
[WhiteElo "2425"]
[BlackElo "2140"]

1.Nf3 d5 2.c4 c6 3.Qb3 Nf6 4.g3 Qb6 5.Bg2 Bf5 6.Nc3 e6 7.d3 Be7 8.Be3 dxc4
9.Qxc4 Qa6 10.Qxa6 Nxa6 11.Nd4 O-O 12.Nxf5 exf5 13.O-O Nc7 14.Rfc1 Rfd8 15.Na4 Nfd5
16.Bc5 Bf6 17.Rab1 f4 18.Nc3 Re8 19.Kf1 Bg5 20.Rc2 h5 21.a4 a5 22.Bf3 fxg3
23.hxg3 h4 24.Ne4 Be7 25.Bxe7 Rxe7 26.gxh4 Nf4 27.Nc5 Ncd5 28.d4 Rd8 29.e3 Rxe3
30.Nxb7 Rb8 31.Bxd5 Nxd5 32.Nxa5 Rh3 33.Kg1 Nb4 34.Nxc6 Nxc2 35.Nxb8 Nb4
36.a5 Rxh4 37.a6 Rh6 38.a7  1-0

[Event "Decin op"]
[Site "Decin"]
[Date "1995.??.??"]
[Round "3"]
[White "Jirovsky, Milos"]
[Black "Orsag, Milan"]
[Result "1-0"]
[WhiteElo "2425"]
[BlackElo "2415"]

1.Nf3 d5 2.c4 e6 3.d4 c5 4.cxd5 exd5 5.Bg5 Be7 6.Bxe7 Nxe7 7.dxc5 Qa5+ 8.Nc3 Nbc6
9.e3 Qxc5 10.Bb5 O-O 11.Bxc6 bxc6 12.O-O Rb8 13.Rc1 Qa5 14.Qd2 Bg4 15.Nd4 Rfd8
16.h3 Bh5 17.g4 Bg6 18.f4 f6 19.Rf2 Re8 20.Nb3 Qb4 21.Nd1 Qa4 22.Qa5 Qb5
23.Rd2 Qb6 24.Qc5 Qa6 25.Nc3 Nc8 26.Kf2 Nb6 27.Na5 Nc4 28.Nxc4 dxc4 29.Rcd1 Bd3
30.b3 h6 31.bxc4 Bxc4 32.Rd7 Rb2+ 33.Kg1 Be2 34.Rxg7+ Kxg7 35.Rd7+ Kg8 36.Qf5  1-0

[Event "Dhaka"]
[Site "Dhaka"]
[Date "1995.??.??"]
[Round "8"]
[White "Gunawan, Ruben"]
[Black "Reefat bin Satter"]
[Result "1-0"]
[WhiteElo "2430"]
[BlackElo "2430"]

1.Nf3 d5 2.c4 dxc4 3.e3 Nf6 4.Bxc4 a6 5.d4 e6 6.a4 c5 7.O-O Nc6 8.Qe2 Qc7
9.Nc3 b6 10.Rd1 Bd6 11.h3 O-O 12.d5 exd5 13.Nxd5 Nxd5 14.Bxd5 Bb7 15.e4 Rae8
16.Be3 Bf4 17.Rac1 Re7 18.Rd2 Rfe8 19.Rc3 Bxe3 20.Rxe3 h6 21.Qd1 Nb4 22.Bxb7 Qxb7
23.e5 Nc6 24.Rde2 Qc7 25.Qd5 Rd7 26.Qc4 Rd1+ 27.Kh2 Nb4 28.g3 Nd5 29.Re4 Qc6
30.Nd4 Qb7 31.Nf5 Qc6 32.Qb3 Rc1 33.Qf3 Kf8 34.Nd6 Re7 35.Rf4 f6 36.exf6 Rxe2
37.fxg7+  1-0

[Event "Dos Hermanas"]
[Site "Dos Hermanas"]
[Date "1995.??.??"]
[Round "6"]
[White "Illescas Cordoba, Miguel"]
[Black "Adams, Michael"]
[Result "1/2-1/2"]
[WhiteElo "2595"]
[BlackElo "2655"]

1.Nf3 d5 2.c4 dxc4 3.e3 Nf6 4.Bxc4 e6 5.d4 c5 6.O-O a6 7.b3 Nc6 8.Bb2 cxd4
9.Nxd4 Nxd4 10.Bxd4 b5 11.Be2 Bb7 12.a4 b4 13.Nd2 Be7 14.Nc4 O-O 15.a5 Qd5
16.Bf3 Qb5 17.Bxb7 Qxb7 18.Nb6 Rad8 19.Qe2  1/2-1/2

[Event "Dresden op"]
[Site "Dresden"]
[Date "1995.??.??"]
[Round "?"]
[White "Espig, Lutz"]
[Black "Gabriel, Christian"]
[Result "1/2-1/2"]
[WhiteElo "2415"]
[BlackElo "2475"]

1.Nf3 d5 2.c4 c6 3.d4 Nf6 4.cxd5 cxd5 5.Nc3 Nc6 6.Bf4 a6 7.Ne5 Qb6 8.Nxc6 Qxc6
9.Rc1 Bd7 10.e3 Qb6 11.Qb3 Qxb3 12.axb3 e6 13.Bd3 Bb4 14.Ke2 Ke7 15.Na4 Bxa4
16.bxa4 Rac8  1/2-1/2

[Event "Dresden (Women)"]
[Site "Dresden"]
[Date "1995.??.??"]
[Round "?"]
[White "Lelchuk, Zoja"]
[Black "Heinatz, Gundula"]
[Result "1-0"]
[WhiteElo "2335"]
[BlackElo "2200"]

1.Nf3 d5 2.c4 e6 3.d4 Be7 4.Nc3 Nf6 5.Bg5 O-O 6.e3 a6 7.Qc2 Nc6 8.a3 g6 9.Rd1 Rb8
10.Bd3 dxc4 11.Bxc4 b5 12.Bd3 b4 13.Na4 Bd7 14.Nc5 a5 15.O-O Na7 16.Ne5 Bb5
17.Bxb5 Rxb5 18.a4 b3 19.Nxb3 Rd5 20.e4 Rd6 21.Nxa5 c5 22.Nb7  1-0

[Event "Nord Cup 1st"]
[Site "Duesseldorf"]
[Date "1995.??.??"]
[Round "4"]
[White "Hoffmann, Ulrich"]
[Black "Borngaesser, Rene"]
[Result "0-1"]
[WhiteElo "2060"]
[BlackElo "2365"]

1.Nf3 d5 2.c4 c6 3.g3 Nf6 4.Bg2 g6 5.d4 Bg7 6.O-O O-O 7.Nc3 dxc4 8.e4 b5
9.Ne5 Bb7 10.a4 a6 11.Be3 Nbd7 12.f4 Nxe5 13.dxe5 Nd7 14.e6 fxe6 15.Bh3 Kh8
16.e5 Qc7 17.Bxe6 Nxe5 18.Bd4 Nd3 19.Bxg7+ Kxg7 20.Qe2 Qb6+ 21.Kg2 Qd4 22.Bg4 e5
23.f5 c5+ 24.Kh3 b4 25.Nd1 gxf5 26.Rxf5 Rxf5 27.Bxf5 Rf8 28.Qh5 Rxf5 29.Qxf5 Qd8
30.Qg4+ Kh8 31.Qxc4 Qg5 32.Qh4 Nf4+  0-1

[Event "RUS-ch (Women)"]
[Site "Elista"]
[Date "1995.??.??"]
[Round "2"]
[White "Demina, Julia"]
[Black "Ovchinikova, Julia"]
[Result "1/2-1/2"]
[WhiteElo "2345"]
[BlackElo "2195"]

1.Nf3 d5 2.c4 e6 3.g3 Nf6 4.Bg2 dxc4 5.Qa4+ Nbd7 6.Qxc4 a6 7.Qc2 Be7 8.O-O O-O
9.d4 Rb8 10.Bf4 Nd5 11.Bd2 b5 12.e4 Nb4 13.Qb3 Nc6 14.Rc1 Bb7 15.d5 exd5
16.exd5 Nce5 17.Nxe5  1/2-1/2

[Event "RUS-ch"]
[Site "Elista"]
[Date "1995.??.??"]
[Round "5"]
[White "Namgilov, Sogto"]
[Black "Ibragimov, Ildar"]
[Result "0-1"]
[WhiteElo "2425"]
[BlackElo "2580"]

1.Nf3 d5 2.c4 dxc4 3.e3 Nf6 4.Bxc4 e6 5.d4 c5 6.O-O a6 7.Qe2 b5 8.Bb3 Bb7
9.a4 Nbd7 10.Rd1 Qb8 11.axb5 axb5 12.Rxa8 Bxa8 13.Nc3 b4 14.Na4 Be7 15.e4 cxd4
16.Nxd4 Nxe4 17.Bc4 O-O 18.Nf5 exf5 19.Rxd7 Bd6 20.h3 Qe8 21.Ra7 Bc6 22.Bb3 Bxa4
23.Bxa4 Qe5 24.f4 Bc5+ 25.Be3 Ng3 26.fxe5 Nxe2+  0-1

[Event "FIN-chT"]
[Site "FIN"]
[Date "1995.??.??"]
[Round "?"]
[White "Jouhki, Yrjo Markus"]
[Black "Westerinen, Heikki MJ"]
[Result "0-1"]
[WhiteElo "2215"]
[BlackElo "2405"]

1.Nf3 d5 2.c4 d4 3.g3 Nc6 4.Bg2 e5 5.d3 Bb4+ 6.Kf1 a5 7.Qa4 Bd7 8.a3 Bc5
9.Ng5 Nge7 10.Ne4 Ba7 11.b4 Nxb4 12.Qxa5 Nbc6 13.Qb5 O-O 14.Nbd2 f5 15.Ng5 Qe8
16.h4 h6 17.Ngf3 e4 18.Ne5 e3 19.fxe3 dxe3 20.Ndf3 f4 21.Nxd7 Qxd7 22.Bh3 Qd6
23.Bb2 fxg3 24.Bg2 Nd4 25.Qh5 Nxf3 26.Bxf3 Rxf3+ 27.exf3 Qxd3+ 28.Kg2 Qe2+
29.Kxg3 Qxb2 30.Rag1 Rf8 31.Kh3 Qf6 32.Kh2 Qf4+ 33.Kg2 e2 34.Re1 Qe3 35.Rhg1 Qf2+
36.Kh1 Qxf3+ 37.Qxf3 Rxf3  0-1

[Event "Formia op"]
[Site "Formia"]
[Date "1995.??.??"]
[Round "?"]
[White "Lanzani, Mario"]
[Black "Arlandi, Ennio"]
[Result "1/2-1/2"]
[WhiteElo "2330"]
[BlackElo "2440"]

1.Nf3 d5 2.c4 e6 3.g3 Nf6 4.b3 Be7 5.Bg2 O-O 6.Bb2 b6 7.O-O Bb7 8.e3 Nbd7
9.Qc2 c5 10.cxd5 Nxd5 11.Nc3 Nxc3 12.dxc3 Qc7 13.c4 Bf6 14.Rfd1  1/2-1/2

[Event "FRA-chT"]
[Site "FRA"]
[Date "1995.??.??"]
[Round "?"]
[White "Giffard, Nicolas"]
[Black "Szabolcsi, Janos"]
[Result "1/2-1/2"]
[WhiteElo "2390"]
[BlackElo "2470"]

1.Nf3 d5 2.c4 c6 3.d4 Nf6 4.e3 e6 5.Nbd2 c5 6.cxd5 Nxd5 7.Bb5+ Bd7 8.Be2 Nc6
9.dxc5 Bxc5 10.O-O O-O 11.Nc4 Qc7 12.Bd2 b5 13.Na3 a6 14.Rc1 Be7 15.Qc2 Rac8
16.Qb1 Qb7 17.Nc2 f5 18.Na1 Nf6 19.Rfd1 Ne4 20.Be1 e5 21.a4 Be6 22.axb5 axb5
23.b4 Bf6 24.Nb3 Qf7 25.Nc5 Ba2 26.Qb2 Nxc5 27.Rxc5 e4 28.Nd4 Nxd4 29.exd4 Bc4
30.Bxc4 bxc4 31.Bc3 f4 32.Qe2 Rxc5 33.bxc5 Qd5 34.Qg4 Be7 35.Re1 g6 36.Qe2 e3
37.fxe3 f3 38.gxf3 Rxf3 39.Qg2 Qe4 40.Bd2 Bh4 41.Rc1 Bf2+ 42.Kh1 c3 43.Rxc3 Be1
44.Kg1 Bxd2 45.Qxd2 Rf5 46.h3 Rg5+ 47.Kh2 Qb1 48.Qf2 Rf5 49.Qg2 Qb8+ 50.Kh1 Qb1+
51.Kh2  1/2-1/2

[Event "Frydek-Mistek op-B"]
[Site "Frydek-Mistek"]
[Date "1995.??.??"]
[Round "?"]
[White "Dobrovolsky, Ladislav"]
[Black "Volosjuk, Julia"]
[Result "1-0"]
[WhiteElo "2380"]
[BlackElo "2120"]

1.Nf3 d5 2.c4 c6 3.b3 Nf6 4.Bb2 Bf5 5.g3 Nbd7 6.Bg2 e6 7.O-O Be7 8.d3 O-O
9.Nbd2 b5 10.cxb5 cxb5 11.Nd4 Qb6 12.Nxf5 exf5 13.Nf3 Bd6 14.Qd2 Nh5 15.Nd4 f4
16.Bf3 Nhf6 17.gxf4 Nc5 18.Kh1 Ne6 19.e3 Rfd8 20.Rg1 Kh8 21.Nf5 Bc7 22.Rg3 Ne8
23.Rag1 f6 24.Bh5 Rd7 25.Qe2 Rad8 26.Qg4 Nf8 27.Bxe8 Rxe8 28.Nxg7 Red8 29.Ne6  1-0

[Event "Gausdal Masters"]
[Site "Gausdal"]
[Date "1995.??.??"]
[Round "?"]
[White "Gausel, Einar"]
[Black "Westerinen, Heikki MJ"]
[Result "1-0"]
[WhiteElo "2490"]
[BlackElo "2405"]

1.Nf3 d5 2.c4 d4 3.g3 Nc6 4.Bg2 e5 5.d3 Bb4+ 6.Bd2 a5 7.O-O Nf6 8.Na3 O-O
9.Nb5 Bxd2 10.Qxd2 h6 11.e3 Bg4 12.Rfe1 Qd7 13.exd4 Bxf3 14.Bxf3 Nxd4 15.Nxd4 Qxd4
16.Qc3 Rae8 17.Qxa5 Qxd3 18.Bxb7 Qxc4 19.Qc3 Qxc3 20.bxc3 Re6 21.a4 Rb8 22.Bg2 e4
23.a5 Ra8 24.Ra4 Rea6 25.Rea1 Kf8 26.R1a3 R8a7 27.Bf1 Rc6 28.a6 Ke7 29.Rb4 Rb6
30.Rab3 Rxb4 31.cxb4 Kd6 32.b5 Nd7 33.Rb4 Kd5 34.Rb1 Ne5 35.Rc1 f5 36.Kg2 g5
37.h3 Kd6 38.Be2 Kd5 39.f3 Ra8 40.Rxc7 Kd6 41.Rc3  1-0

[Event "Arnold Cup"]
[Site "Gausdal"]
[Date "1995.??.??"]
[Round "5"]
[White "Gausel, Einar"]
[Black "Rausis, Igors"]
[Result "1/2-1/2"]
[WhiteElo "2490"]
[BlackElo "2495"]

1.Nf3 d5 2.c4 c6 3.d4 Nf6 4.Nc3 a6 5.c5 g6 6.Bf4 Bg7 7.h3 O-O 8.e3 b6 9.b4 a5
10.a3 Bf5 11.Be2 Nfd7 12.cxb6 Nxb6 13.O-O Bc8 14.Qb3 a4 15.Qc2 Bf5 16.Qa2 f6
17.Rac1 Qe8 18.e4 Be6 19.exd5 Bf7 20.Rfe1 N8d7 21.Bc7 Ra7 22.Bg3 Nxd5 23.Nxd5 Bxd5
24.Bc4 Nb6 25.Bxd5+ cxd5 26.Bd6 Nc4 27.Bc5 Rd7 28.Nd2 Nxd2 29.Qxd2 Qf7 30.Qe2 Ra8
31.f4 h5 32.Qf3 Re8 33.Qg3 Kh7 34.Rc2 e5 35.fxe5 fxe5 36.dxe5 d4 37.Rd2 Rd5
38.Bd6 Qe6 39.Red1 Rd8 40.Qh4 Rd7 41.Qg3  1/2-1/2

[Event "Geneve op"]
[Site "Geneve"]
[Date "1995.??.??"]
[Round "4"]
[White "Fioramonti, Hung"]
[Black "Klovans, Janis"]
[Result "1-0"]
[WhiteElo "2390"]
[BlackElo "2500"]

1.Nf3 d5 2.c4 e6 3.g3 Nf6 4.Bg2 dxc4 5.Qa4+ Nbd7 6.Qxc4 c5 7.Qb3 Rb8 8.d3 Bd6
9.Nc3 a6 10.O-O O-O 11.a4 b6 12.Ng5 Bc7 13.Rd1 h6 14.Nf3 Bb7 15.d4 Qe7 16.Qc2 Rbc8
17.h3 cxd4 18.Nxd4 Bxg2 19.Kxg2 Be5 20.Be3 Nc5 21.f3 Nh5 22.b4 Nxg3 23.bxc5 bxc5
24.Nb3 Nf5 25.Qc1 Qf6 26.Ne4 Qg6+ 27.Kf2 Bg3+ 28.Kf1 Nh4 29.Bf4 Bxf4 30.Qxf4 Qg2+
31.Ke1 Rfd8  1-0

[Event "Geneve op"]
[Site "Geneve"]
[Date "1995.??.??"]
[Round "4"]
[White "Cvitan, Ognjen"]
[Black "Milov, Leonid"]
[Result "1/2-1/2"]
[WhiteElo "2520"]
[BlackElo "2525"]

1.Nf3 d5 2.c4 c6 3.d4 Nf6 4.Nc3 dxc4 5.a4 Bf5 6.Ne5 e6 7.f3 Bb4 8.e4 Bxe4
9.fxe4 Nxe4 10.Ra3 Bxa3 11.Nxe4 Qh4+ 12.Ng3 Bb4+ 13.Kf2 Nd7  1/2-1/2

[Event "OL-SW 9596"]
[Site "GER"]
[Date "1995.??.??"]
[Round "?"]
[White "Busch, Raimund"]
[Black "Neidhardt, Claus Ulrich"]
[Result "0-1"]
[WhiteElo "2300"]
[BlackElo "2400"]

1.Nf3 d5 2.c4 c6 3.b3 Bg4 4.Ne5 Bf5 5.Bb2 e6 6.e3 Nd7 7.Be2 Ngf6 8.O-O Nxe5
9.Bxe5 Nd7 10.Bb2 Bd6 11.Ba3 Qf6 12.d4 Bc7 13.Nd2 Qh6 14.g3 g5 15.Re1 Nf6
16.Rc1 Qg6 17.g4 Qh6 18.Nf1 Be4 19.f3 Bg6 20.Qd2 Qh3 21.Bd1 h5 22.gxh5 Rxh5
23.Qg2 Qxg2+ 24.Kxg2 Kd7 25.Ng3 Bxg3 26.Kxg3 Rah8 27.Rh1 Rh3+ 28.Kg2 g4 29.Be2 gxf3+
30.Bxf3 Ne4 31.cxd5 cxd5 32.Bg4 Rxe3 33.h3 Rg3+ 34.Kh2 Rxg4  0-1